000 00553nam a2200193Ia 4500
008 140314t2012 xxu||||| |||| 00| 0 sin d
041 _asin
080 _a8-31
_bCHA
100 _aChase,James Hadley
245 _aඉලක්කයක අන්තය
246 _aIlakkayaka Anthaya
260 _aSarasavi
_aNugegoda
_c2012
300 _b250p, 21 cm
500 _aSinhalese transhlation Of James Hadley Chase Of Tell It To The Birds
700 _aPerera,Warnan
_etr.
942 _cBK
999 _c42511
_d42511
003 LK-CoDNM
040 _aLK-CoDNM
_dLK-CoDNM
_eLK-CoDNM